[Event "Blitz 2018"]
[Site "Saint-Petersburg"]
[Date "2018.12.30"]
[Round "21"]
[Board "53"]
[White "Drygalov Sergey (RUS)"]
[Black "Huzman Alexander (ISR)"]
[Result "1/2-1/2"]
[LiveChessVersion "1.4.8"]
[BlackElo "2543"]
[WhiteElo "2428"]

1. d4 {[%clk 0:03:02]} Nf6 {[%clk 0:03:03]} 2. Nf3 {[%clk 0:03:04]} e6
{[%clk 0:03:03]} 3. c4 {[%clk 0:03:05]} d5 {[%clk 0:03:05]} 4. Nc3
{[%clk 0:03:06]} c6 {[%clk 0:03:06]} 5. e3 {[%clk 0:03:03]} Nbd7 {[%clk 0:03:06]}
6. Qc2 {[%clk 0:03:04]} Bd6 {[%clk 0:03:04]} 7. Bd3 {[%clk 0:03:02]} O-O
{[%clk 0:03:05]} 8. O-O {[%clk 0:03:03]} dxc4 {[%clk 0:03:01]} 9. Bxc4
{[%clk 0:03:04]} e5 {[%clk 0:03:02]} 10. h3 Qe7 {[%clk 0:02:52]} 11. Bb3
{[%clk 0:02:36]} Bb8 {[%clk 0:02:42]} 12. dxe5 {[%clk 0:02:00]} Nxe5
{[%clk 0:02:43]} 13. Nxe5 {[%clk 0:02:01]} Bxe5 {[%clk 0:02:36]} 14. Bd2
{[%clk 0:01:47]} Be6 {[%clk 0:02:30]} 15. Rad1 {[%clk 0:01:44]} Rad8
{[%clk 0:02:25]} 16. Na4 {[%clk 0:01:27]} Bxb3 {[%clk 0:02:13]} 17. Qxb3
{[%clk 0:01:27]} Nd5 {[%clk 0:02:13]} 18. Nc3 {[%clk 0:01:11]} Qc7
{[%clk 0:01:40]} 19. Nxd5 {[%clk 0:01:04]} Rxd5 {[%clk 0:01:41]} 20. Bc3
{[%clk 0:01:04]} Bxc3 {[%clk 0:01:28]} 21. Rxd5 {[%clk 0:00:56]} cxd5
{[%clk 0:01:29]} 22. bxc3 {[%clk 0:00:57]} Rd8 {[%clk 0:01:25]} 23. Rd1
{[%clk 0:00:53]} g6 {[%clk 0:01:26]} 1/2-1/2

[Event "Blitz 2018"]
[Site "Saint-Petersburg"]
[Date "2018.12.30"]
[Round "21"]
[Board "54"]
[White "Vokhidov Shamsiddin (UZB)"]
[Black "Goganov Aleksey (RUS)"]
[Result "1-0"]
[LiveChessVersion "1.4.8"]
[BlackElo "2539"]
[WhiteElo "2414"]

1. e4 {[%clk 0:03:03]} e5 {[%clk 0:03:03]} 2. Nf3 {[%clk 0:03:04]} Nc6
{[%clk 0:03:04]} 3. Bc4 {[%clk 0:03:04]} Bc5 {[%clk 0:03:05]} 4. d3
{[%clk 0:03:05]} Nf6 {[%clk 0:03:05]} 5. O-O {[%clk 0:03:06]} h6 {[%clk 0:03:05]}
6. c3 {[%clk 0:03:07]} d6 {[%clk 0:03:05]} 7. Bb3 {[%clk 0:03:07]} O-O
{[%clk 0:03:03]} 8. Re1 {[%clk 0:03:08]} Re8 {[%clk 0:02:59]} 9. Nbd2
{[%clk 0:03:09]} a6 {[%clk 0:02:58]} 10. Nf1 {[%clk 0:03:09]} Ba7
{[%clk 0:02:56]} 11. Ng3 {[%clk 0:03:09]} Be6 {[%clk 0:02:56]} 12. Bc2
{[%clk 0:03:10]} d5 {[%clk 0:02:51]} 13. Qe2 {[%clk 0:03:00]} d4 {[%clk 0:02:45]}
14. h3 {[%clk 0:02:48]} b5 {[%clk 0:02:46]} 15. a3 {[%clk 0:02:47]} a5
{[%clk 0:02:45]} 16. Bd2 {[%clk 0:02:44]} Bc5 {[%clk 0:02:43]} 17. Nh4
{[%clk 0:02:44]} dxc3 {[%clk 0:02:40]} 18. bxc3 {[%clk 0:02:44]} b4
{[%clk 0:02:28]} 19. axb4 {[%clk 0:02:42]} axb4 {[%clk 0:02:29]} 20. Rxa8
{[%clk 0:02:38]} Qxa8 {[%clk 0:02:30]} 21. Nhf5 {[%clk 0:02:26]} bxc3
{[%clk 0:02:31]} 22. Bxc3 {[%clk 0:02:27]} Qd8 {[%clk 0:02:19]} 23. Ba4
{[%clk 0:02:28]} Bd7 {[%clk 0:02:14]} 24. Rc1 {[%clk 0:02:15]} Nd4
{[%clk 0:02:04]} 25. Bxd4 {[%clk 0:02:15]} Bxd4 {[%clk 0:02:05]} 26. Bxd7
{[%clk 0:01:52]} Qxd7 {[%clk 0:02:05]} 27. Nxd4 {[%clk 0:01:51]} exd4
{[%clk 0:01:57]} 28. Qc2 {[%clk 0:01:50]} Qb5 {[%clk 0:01:52]} 29. Nf5
{[%clk 0:01:50]} Nh5 {[%clk 0:01:17]} 30. Qd1 {[%clk 0:01:39]} Nf4
{[%clk 0:01:14]} 31. Rxc7 {[%clk 0:01:18]} Qxd3 {[%clk 0:01:08]} 32. Qg4
{[%clk 0:01:16]} Ng6 {[%clk 0:00:56]} 33. Nd6 {[%clk 0:01:14]} Rf8
{[%clk 0:00:25]} 34. Qd7 {[%clk 0:00:49]} Ne5 {[%clk 0:00:22]} 35. Qe7
{[%clk 0:00:48]} Qb1+ {[%clk 0:00:06]} 36. Kh2 {[%clk 0:00:49]} Ng6
{[%clk 0:00:07]} 37. Qd7 {[%clk 0:00:49]} Ne5 {[%clk 0:00:08]} 38. Qf5
{[%clk 0:00:47]} d3 {[%clk 0:00:09]} 39. Qxe5 {[%clk 0:00:42]} d2
{[%clk 0:00:10]} 40. Nf5 {[%clk 0:00:42]} f6 {[%clk 0:00:11]} 41. Qe7
{[%clk 0:00:33]} 1-0

[Event "Blitz 2018"]
[Site "Saint-Petersburg"]
[Date "2018.12.30"]
[Round "21"]
[Board "55"]
[White "Levin Evgeny A. (RUS)"]
[Black "Abdusattorov Nodirbek (UZB)"]
[Result "0-1"]
[LiveChessVersion "1.4.8"]
[BlackElo "2469"]
[WhiteElo "2539"]

1. d4 {[%clk 0:03:03]} Nf6 {[%clk 0:03:03]} 2. Nf3 {[%clk 0:03:04]} e6
{[%clk 0:03:03]} 3. Bg5 {[%clk 0:03:04]} c5 {[%clk 0:03:03]} 4. e3
{[%clk 0:03:04]} Nc6 {[%clk 0:03:01]} 5. c3 {[%clk 0:02:58]} Qb6 {[%clk 0:02:59]}
6. Qb3 {[%clk 0:02:58]} d5 {[%clk 0:02:56]} 7. Nbd2 {[%clk 0:02:58]} Bd7
{[%clk 0:02:52]} 8. Be2 {[%clk 0:02:49]} Bd6 {[%clk 0:02:52]} 9. O-O
{[%clk 0:02:44]} O-O {[%clk 0:02:52]} 10. Rfe1 {[%clk 0:02:33]} Rfe8
{[%clk 0:02:43]} 11. Bf1 {[%clk 0:02:22]} h6 {[%clk 0:02:33]} 12. Bh4
{[%clk 0:02:17]} Qxb3 {[%clk 0:02:23]} 13. axb3 {[%clk 0:02:17]} a6
{[%clk 0:02:19]} 14. Bg3 {[%clk 0:01:51]} Bxg3 {[%clk 0:01:53]} 15. hxg3
{[%clk 0:01:52]} cxd4 {[%clk 0:01:50]} 16. exd4 {[%clk 0:01:53]} Ng4
{[%clk 0:01:45]} 17. b4 {[%clk 0:01:51]} Rac8 {[%clk 0:01:32]} 18. Nb3
{[%clk 0:01:50]} Rc7 {[%clk 0:01:34]} 19. Nc5 {[%clk 0:01:48]} Bc8
{[%clk 0:01:35]} 20. b5 {[%clk 0:01:39]} axb5 {[%clk 0:01:36]} 21. Bxb5
{[%clk 0:01:37]} e5 {[%clk 0:01:21]} 22. dxe5 {[%clk 0:01:28]} Ngxe5
{[%clk 0:01:22]} 23. Nxe5 {[%clk 0:00:30]} Rxe5 {[%clk 0:01:22]} 24. Bxc6
{[%clk 0:00:28]} Rxe1+ {[%clk 0:01:21]} 25. Rxe1 {[%clk 0:00:29]} Rxc6
{[%clk 0:01:22]} 26. Nb3 {[%clk 0:00:15]} Kf8 {[%clk 0:01:21]} 27. Nd4
{[%clk 0:00:16]} Rb6 {[%clk 0:01:23]} 28. Re2 {[%clk 0:00:17]} Be6
{[%clk 0:01:22]} 29. f3 {[%clk 0:00:17]} Ke7 {[%clk 0:01:22]} 30. Kf2
{[%clk 0:00:17]} Kd6 {[%clk 0:01:24]} 31. Ke3 {[%clk 0:00:11]} Ra6
{[%clk 0:01:25]} 32. Re1 {[%clk 0:00:10]} Ra2 {[%clk 0:01:25]} 33. Re2
{[%clk 0:00:10]} Bd7 {[%clk 0:01:25]} 34. g4 {[%clk 0:00:10]} Ra1
{[%clk 0:01:21]} 35. Kd2 {[%clk 0:00:08]} Rg1 {[%clk 0:01:18]} 36. Ke3
{[%clk 0:00:09]} Be6 {[%clk 0:01:04]} 37. Kf2 {[%clk 0:00:09]} Rb1
{[%clk 0:01:04]} 38. Ke3 {[%clk 0:00:10]} b6 {[%clk 0:00:58]} 39. Kd3
{[%clk 0:00:10]} Bc8 {[%clk 0:00:58]} 40. Kc2 {[%clk 0:00:11]} Rg1
{[%clk 0:00:58]} 41. Rd2 {[%clk 0:00:06]} g6 {[%clk 0:00:56]} 42. Nb5+
{[%clk 0:00:07]} Kc5 {[%clk 0:00:56]} 43. Nd4 {[%clk 0:00:07]} Ba6
{[%clk 0:00:56]} 44. Nb3+ {[%clk 0:00:06]} Kd6 {[%clk 0:00:57]} 45. Nd4
{[%clk 0:00:04]} Bf1 {[%clk 0:00:57]} 46. Rf2 {[%clk 0:00:04]} Rxg2
{[%clk 0:00:58]} 47. Rxg2 {[%clk 0:00:05]} Bxg2 {[%clk 0:00:59]} 48. Kd2
{[%clk 0:00:07]} Bf1 {[%clk 0:00:57]} 49. b4 {[%clk 0:00:08]} h5 {[%clk 0:00:54]}
50. Ke3 {[%clk 0:00:06]} h4 {[%clk 0:00:51]} 51. g5 {[%clk 0:00:06]} Bc4
{[%clk 0:00:47]} 52. Kf4 {[%clk 0:00:06]} h3 {[%clk 0:00:43]} 53. Kg3
{[%clk 0:00:08]} Bf1 {[%clk 0:00:44]} 54. f4 {[%clk 0:00:09]} Ke7
{[%clk 0:00:43]} 55. Nc6+ {[%clk 0:00:09]} Ke6 {[%clk 0:00:43]} 56. Nd4+
{[%clk 0:00:10]} Kd6 {[%clk 0:00:44]} 57. Kh2 {[%clk 0:00:08]} Kd7
{[%clk 0:00:44]} 58. Kg3 {[%clk 0:00:09]} f6 {[%clk 0:00:42]} 59. gxf6 Ke8 60.
Kh2 {[%clk 0:00:09]} Kf7 {[%clk 0:00:45]} 61. Kg1 {[%clk 0:00:10]} Bg2
{[%clk 0:00:45]} 62. Kh2 {[%clk 0:00:10]} Kxf6 {[%clk 0:00:46]} 63. Kg3
{[%clk 0:00:06]} g5 {[%clk 0:00:46]} 64. fxg5+ {[%clk 0:00:07]} Kxg5
{[%clk 0:00:47]} 65. Ne6+ {[%clk 0:00:05]} Kf6 {[%clk 0:00:47]} 66. Nc7
{[%clk 0:00:04]} Ke5 {[%clk 0:00:44]} 67. Na8 {[%clk 0:00:04]} b5
{[%clk 0:00:43]} 68. Nc7 {[%clk 0:00:05]} Bf1 {[%clk 0:00:44]} 69. Kh2
{[%clk 0:00:05]} Ke4 {[%clk 0:00:44]} 70. Kg3 {[%clk 0:00:06]} Bc4
{[%clk 0:00:45]} 71. Kxh3 {[%clk 0:00:03]} Kd3 {[%clk 0:00:46]} 72. Kg3
{[%clk 0:00:03]} Kxc3 {[%clk 0:00:47]} 73. Kf2 {[%clk 0:00:05]} d4
{[%clk 0:00:47]} 74. Ke1 {[%clk 0:00:06]} d3 {[%clk 0:00:48]} 75. Na6
{[%clk 0:00:06]} d2+ {[%clk 0:00:49]} 0-1

[Event "Blitz 2018"]
[Site "Saint-Petersburg"]
[Date "2018.12.30"]
[Round "21"]
[Board "56"]
[White "Maslak Konstantin (RUS)"]
[Black "Petrov Nikita (RUS)"]
[Result "0-1"]
[LiveChessVersion "1.4.8"]
[BlackElo "2468"]
[WhiteElo "2537"]

1. e4 {[%clk 0:03:02]} e5 {[%clk 0:03:04]} 2. Bc4 {[%clk 0:03:03]} Nf6
{[%clk 0:03:04]} 3. d3 {[%clk 0:03:04]} c6 {[%clk 0:03:06]} 4. Nf3
{[%clk 0:03:03]} d5 {[%clk 0:03:07]} 5. Bb3 {[%clk 0:03:04]} a5 {[%clk 0:03:08]}
6. a4 {[%clk 0:02:46]} Bb4+ {[%clk 0:03:08]} 7. c3 {[%clk 0:02:35]} Bd6
{[%clk 0:03:08]} 8. Qe2 {[%clk 0:02:28]} O-O {[%clk 0:03:04]} 9. Bg5
{[%clk 0:02:28]} dxe4 {[%clk 0:03:03]} 10. dxe4 {[%clk 0:02:27]} h6
{[%clk 0:03:03]} 11. Bh4 {[%clk 0:02:17]} Nbd7 {[%clk 0:02:50]} 12. Nbd2
{[%clk 0:02:10]} Qe7 {[%clk 0:02:47]} 13. O-O {[%clk 0:01:43]} Re8
{[%clk 0:02:46]} 14. Bg3 {[%clk 0:01:38]} Nc5 {[%clk 0:02:08]} 15. Bc4
{[%clk 0:01:39]} Nh5 {[%clk 0:02:03]} 16. Nh4 {[%clk 0:01:25]} Nf4
{[%clk 0:01:43]} 17. Qf3 {[%clk 0:01:20]} Qg5 {[%clk 0:01:32]} 18. h3
{[%clk 0:00:55]} Be6 {[%clk 0:01:04]} 19. Rfd1 {[%clk 0:00:36]} Bc7
{[%clk 0:00:57]} 20. Bxe6 {[%clk 0:00:36]} fxe6 {[%clk 0:00:57]} 21. Nc4
{[%clk 0:00:23]} b5 {[%clk 0:00:50]} 22. axb5 {[%clk 0:00:22]} cxb5
{[%clk 0:00:50]} 23. Ne3 {[%clk 0:00:23]} Rf8 {[%clk 0:00:48]} 24. Qg4
{[%clk 0:00:22]} Qf6 {[%clk 0:00:47]} 25. Nf3 {[%clk 0:00:13]} a4
{[%clk 0:00:44]} 26. Bxf4 {[%clk 0:00:12]} exf4 {[%clk 0:00:43]} 27. Nf1
{[%clk 0:00:07]} Nxe4 {[%clk 0:00:40]} 28. Rd7 {[%clk 0:00:07]} Rf7
{[%clk 0:00:38]} 29. Rad1 {[%clk 0:00:04]} Nc5 {[%clk 0:00:28]} 30. Rxf7
{[%clk 0:00:05]} Qxf7 {[%clk 0:00:29]} 31. Re1 {[%clk 0:00:05]} Re8
{[%clk 0:00:27]} 32. N1d2 {[%clk 0:00:06]} e5 {[%clk 0:00:26]} 33. Ne4
{[%clk 0:00:07]} Nxe4 {[%clk 0:00:18]} 34. Rxe4 {[%clk 0:00:08]} g6
{[%clk 0:00:15]} 35. Nh4 {[%clk 0:00:08]} Kg7 {[%clk 0:00:14]} 36. Qe2
{[%clk 0:00:09]} Qf6 {[%clk 0:00:10]} 37. Nf3 {[%clk 0:00:10]} Rb8
{[%clk 0:00:06]} 38. Nxe5 {[%clk 0:00:08]} Rd8 {[%clk 0:00:04]} 39. Nf3
{[%clk 0:00:07]} Rd7 {[%clk 0:00:04]} 40. Re6 {[%clk 0:00:09]} Qf5
{[%clk 0:00:04]} 41. Kh2 {[%clk 0:00:07]} g5 {[%clk 0:00:04]} 42. c4
{[%clk 0:00:06]} b4 {[%clk 0:00:05]} 43. c5 {[%clk 0:00:07]} a3 {[%clk 0:00:05]}
44. Re7+ {[%clk 0:00:08]} Rxe7 {[%clk 0:00:06]} 45. Qxe7+ Qf7 {[%clk 0:00:07]}
46. Qe1 {[%clk 0:00:08]} a2 {[%clk 0:00:07]} 47. Qa1 {[%clk 0:00:08]} b3
{[%clk 0:00:09]} 48. Qe1 {[%clk 0:00:08]} Qf6 {[%clk 0:00:07]} 49. Qc1
{[%clk 0:00:08]} h5 {[%clk 0:00:07]} 50. Kg1 {[%clk 0:00:09]} g4 {[%clk 0:00:08]}
51. hxg4 {[%clk 0:00:10]} hxg4 {[%clk 0:00:09]} 52. Nd2 {[%clk 0:00:10]} Qe6
{[%clk 0:00:06]} 53. Qd1 {[%clk 0:00:12]} g3 {[%clk 0:00:04]} 54. Nxb3
{[%clk 0:00:09]} gxf2+ 55. Kxf2 {[%clk 0:00:05]} Qe3+ {[%clk 0:00:06]} 56. Kf1
{[%clk 0:00:07]} Qxb3 {[%clk 0:00:05]} 57. Qxb3 {[%clk 0:00:06]} a1=Q+
{[%clk 0:00:06]} 58. Ke2 {[%clk 0:00:07]} Qa6+ {[%clk 0:00:06]} 59. Kf2
{[%clk 0:00:06]} Qf6 {[%clk 0:00:06]} 60. Qb7 {[%clk 0:00:06]} Qd4+
{[%clk 0:00:07]} 61. Kf1 {[%clk 0:00:07]} Qxc5 {[%clk 0:00:07]} 62. Qb3
{[%clk 0:00:06]} Bb6 {[%clk 0:00:06]} 63. Ke2 {[%clk 0:00:04]} Qf2+
{[%clk 0:00:06]} 64. Kd1 {[%clk 0:00:05]} Qf1+ {[%clk 0:00:06]} 65. Kc2
{[%clk 0:00:06]} Qxg2+ {[%clk 0:00:07]} 66. Kb1 {[%clk 0:00:07]} Qe4+
{[%clk 0:00:08]} 67. Ka2 {[%clk 0:00:09]} Qa8+ {[%clk 0:00:09]} 68. Kb1
{[%clk 0:00:10]} Qe4+ {[%clk 0:00:10]} 69. Ka2 {[%clk 0:00:11]} Bd4
{[%clk 0:00:11]} 70. Qh3 {[%clk 0:00:09]} Qd5+ {[%clk 0:00:12]} 71. Kb1
{[%clk 0:00:10]} Qe4+ {[%clk 0:00:13]} 72. Ka2 {[%clk 0:00:12]} f3
{[%clk 0:00:14]} 73. Qg3+ {[%clk 0:00:12]} Kf6 {[%clk 0:00:15]} 74. Qd6+
{[%clk 0:00:13]} Qe6+ {[%clk 0:00:16]} 0-1

[Event "Blitz 2018"]
[Site "Saint-Petersburg"]
[Date "2018.12.30"]
[Round "21"]
[Board "57"]
[White "Ragger Markus (AUT)"]
[Black "Kovalev Vladislav (BLR)"]
[Result "1-0"]
[LiveChessVersion "1.4.8"]
[BlackElo "2553"]
[WhiteElo "2677"]

1. e4 {[%clk 0:03:04]} e5 {[%clk 0:03:03]} 2. Nf3 {[%clk 0:03:05]} Nc6
{[%clk 0:03:04]} 3. Bc4 {[%clk 0:03:06]} Nf6 {[%clk 0:03:05]} 4. d3
{[%clk 0:03:07]} Bc5 {[%clk 0:03:06]} 5. c3 {[%clk 0:03:08]} a6 {[%clk 0:03:07]}
6. a4 {[%clk 0:03:09]} Ba7 {[%clk 0:03:08]} 7. O-O {[%clk 0:03:09]} d6
{[%clk 0:03:09]} 8. Re1 {[%clk 0:03:06]} h6 {[%clk 0:03:10]} 9. Nbd2
{[%clk 0:03:07]} g5 {[%clk 0:03:10]} 10. b4 {[%clk 0:03:08]} g4 {[%clk 0:02:58]}
11. Nh4 {[%clk 0:03:09]} Nxe4 {[%clk 0:02:57]} 12. Nxe4 {[%clk 0:03:09]} Qxh4
{[%clk 0:02:58]} 13. d4 {[%clk 0:03:10]} f5 {[%clk 0:02:38]} 14. Ng3
{[%clk 0:03:09]} f4 {[%clk 0:02:07]} 15. Bxf4 {[%clk 0:03:01]} Rf8
{[%clk 0:01:57]} 16. Be3 {[%clk 0:02:54]} Bd7 {[%clk 0:01:48]} 17. b5
{[%clk 0:02:53]} Na5 {[%clk 0:01:47]} 18. Bd3 {[%clk 0:02:43]} O-O-O
{[%clk 0:01:28]} 19. bxa6 {[%clk 0:02:44]} b6 {[%clk 0:01:30]} 20. dxe5
{[%clk 0:02:29]} dxe5 {[%clk 0:01:31]} 21. Qe2 {[%clk 0:02:30]} Bc6
{[%clk 0:01:30]} 22. Be4 {[%clk 0:02:25]} Qf6 {[%clk 0:01:09]} 23. Bxc6 Qxc6
{[%clk 0:01:10]} 24. Qxg4+ {[%clk 0:02:13]} Kb8 {[%clk 0:01:12]} 25. Qe4
{[%clk 0:02:15]} Rd6 {[%clk 0:01:04]} 26. Qxc6 {[%clk 0:02:10]} Rxc6
{[%clk 0:01:04]} 27. Ne4 {[%clk 0:02:10]} Nc4 {[%clk 0:01:05]} 28. Rab1
{[%clk 0:02:03]} Ka8 {[%clk 0:01:01]} 29. Rb5 {[%clk 0:01:57]} Bb8
{[%clk 0:01:01]} 30. a5 {[%clk 0:01:45]} bxa5 {[%clk 0:00:52]} 31. Ra1
{[%clk 0:01:27]} Nxe3 {[%clk 0:00:36]} 32. fxe3 {[%clk 0:01:28]} Ba7
{[%clk 0:00:38]} 33. g3 {[%clk 0:01:29]} Bxe3+ {[%clk 0:00:33]} 34. Kg2
{[%clk 0:01:31]} Bb6 {[%clk 0:00:34]} 35. Rxe5 Ka7 36. h4 {[%clk 0:01:19]} Kxa6
{[%clk 0:00:36]} 37. g4 {[%clk 0:01:20]} Kb7 {[%clk 0:00:22]} 38. g5
{[%clk 0:01:19]} hxg5 {[%clk 0:00:24]} 39. hxg5 {[%clk 0:01:21]} Ra8
{[%clk 0:00:17]} 40. Ra4 {[%clk 0:01:19]} Rd8 {[%clk 0:00:14]} 41. Rf5
{[%clk 0:01:07]} Re8 {[%clk 0:00:09]} 42. Rf6 {[%clk 0:01:06]} Rce6
{[%clk 0:00:05]} 43. Rxe6 {[%clk 0:01:05]} Rxe6 {[%clk 0:00:07]} 44. Kf3 Kc6 45.
c4 {[%clk 0:01:05]} Re8 {[%clk 0:00:06]} 46. Kf4 {[%clk 0:01:01]} Rf8+
{[%clk 0:00:06]} 47. Nf6 {[%clk 0:01:02]} Bd4 {[%clk 0:00:04]} 48. Rxa5
{[%clk 0:00:57]} Bxf6 {[%clk 0:00:04]} 49. Ra6+ {[%clk 0:00:58]} Kc5
{[%clk 0:00:04]} 50. Rxf6 {[%clk 0:00:59]} Rg8 {[%clk 0:00:04]} 51. Kf5
{[%clk 0:00:56]} Rg7 {[%clk 0:00:05]} 52. g6 {[%clk 0:00:57]} c6 {[%clk 0:00:04]}
53. Re6 {[%clk 0:00:53]} Rc7 {[%clk 0:00:06]} 54. Kf6 {[%clk 0:00:53]} Kxc4
{[%clk 0:00:07]} 55. g7 {[%clk 0:00:51]} Rxg7 {[%clk 0:00:04]} 56. Kxg7
{[%clk 0:00:52]} c5 {[%clk 0:00:05]} 57. Kf6 {[%clk 0:00:42]} Kd4
{[%clk 0:00:06]} 58. Rd6+ {[%clk 0:00:43]} Ke4 {[%clk 0:00:07]} 59. Rc6
{[%clk 0:00:31]} Kd4 {[%clk 0:00:08]} 60. Kf5 {[%clk 0:00:32]} c4
{[%clk 0:00:10]} 61. Kf4 {[%clk 0:00:33]} Kd3 {[%clk 0:00:11]} 62. Kf3
{[%clk 0:00:32]} c3 {[%clk 0:00:13]} 63. Rd6+ {[%clk 0:00:33]} Kc2
{[%clk 0:00:15]} 64. Ke2 {[%clk 0:00:35]} Kb1 {[%clk 0:00:15]} 65. Rb6+
{[%clk 0:00:34]} Kc1 {[%clk 0:00:16]} 66. Kd3 {[%clk 0:00:35]} 1-0

[Event "Blitz 2018"]
[Site "Saint-Petersburg"]
[Date "2018.12.30"]
[Round "21"]
[Board "58"]
[White "Frolyanov Dmitry (RUS)"]
[Black "Postny Evgeny (ISR)"]
[Result "0-1"]
[LiveChessVersion "1.4.8"]
[BlackElo "2657"]
[WhiteElo "2557"]

1. e4 {[%clk 0:03:03]} e5 {[%clk 0:03:03]} 2. Nf3 {[%clk 0:03:04]} Nc6
{[%clk 0:03:04]} 3. Bb5 {[%clk 0:03:05]} a6 {[%clk 0:03:06]} 4. Ba4
{[%clk 0:03:06]} Nf6 {[%clk 0:03:07]} 5. O-O {[%clk 0:03:06]} Be7
{[%clk 0:03:08]} 6. Re1 {[%clk 0:03:07]} b5 {[%clk 0:03:09]} 7. Bb3
{[%clk 0:03:09]} d6 {[%clk 0:03:10]} 8. c3 {[%clk 0:03:10]} O-O {[%clk 0:03:10]}
9. h3 {[%clk 0:03:11]} Nb8 {[%clk 0:03:11]} 10. d4 {[%clk 0:03:11]} Nbd7
{[%clk 0:03:12]} 11. Nbd2 {[%clk 0:03:12]} Bb7 {[%clk 0:03:13]} 12. Bc2
{[%clk 0:03:11]} c5 {[%clk 0:03:14]} 13. Nf1 {[%clk 0:03:09]} Qc7
{[%clk 0:03:07]} 14. Ng3 {[%clk 0:03:07]} g6 {[%clk 0:03:08]} 15. d5
{[%clk 0:02:49]} c4 {[%clk 0:03:06]} 16. Bd2 {[%clk 0:02:45]} a5 {[%clk 0:03:03]}
17. b3 {[%clk 0:02:39]} cxb3 {[%clk 0:02:52]} 18. axb3 {[%clk 0:02:40]} Rfb8
{[%clk 0:02:47]} 19. Bd3 {[%clk 0:02:37]} Nc5 {[%clk 0:02:44]} 20. Bf1
{[%clk 0:02:14]} Bc8 {[%clk 0:02:41]} 21. b4 {[%clk 0:02:10]} axb4
{[%clk 0:02:39]} 22. Rxa8 {[%clk 0:02:10]} Rxa8 {[%clk 0:02:40]} 23. cxb4
{[%clk 0:02:10]} Na4 {[%clk 0:02:28]} 24. Bxb5 {[%clk 0:02:09]} Nc3
{[%clk 0:02:28]} 25. Bxc3 {[%clk 0:02:05]} Qxc3 {[%clk 0:02:28]} 26. Bc6
{[%clk 0:02:01]} Ra2 {[%clk 0:02:20]} 27. b5 {[%clk 0:02:01]} Bd8
{[%clk 0:02:18]} 28. Qc1 {[%clk 0:01:45]} Rc2 {[%clk 0:02:00]} 29. Qa1
{[%clk 0:01:18]} Qc5 {[%clk 0:02:00]} 30. Rf1 {[%clk 0:01:06]} Bb6
{[%clk 0:01:37]} 31. Qa8 {[%clk 0:01:01]} Rxf2 {[%clk 0:01:38]} 32. Qxc8+
{[%clk 0:00:58]} Kg7 {[%clk 0:01:39]} 33. Rxf2 {[%clk 0:00:54]} Qxf2+
{[%clk 0:01:40]} 34. Kh2 {[%clk 0:00:53]} Be3 {[%clk 0:01:40]} 35. Nf5+
{[%clk 0:00:16]} gxf5 {[%clk 0:01:39]} 36. Qxf5 {[%clk 0:00:14]} Bf4+
{[%clk 0:01:26]} 37. Kh1 {[%clk 0:00:15]} Qf1+ {[%clk 0:01:16]} 38. Ng1
{[%clk 0:00:16]} Qe1 {[%clk 0:01:13]} 0-1

[Event "Blitz 2018"]
[Site "Saint-Petersburg"]
[Date "2018.12.30"]
[Round "21"]
[Board "59"]
[White "Kazhgaleyev Murtas (KAZ)"]
[Black "Piorun Kacper (POL)"]
[Result "1/2-1/2"]
[LiveChessVersion "1.4.8"]
[BlackElo "2646"]
[WhiteElo "2553"]

1. d4 {[%clk 0:03:02]} Nf6 {[%clk 0:03:02]} 2. c4 {[%clk 0:03:03]} e6
{[%clk 0:03:00]} 3. Nf3 {[%clk 0:03:04]} d5 {[%clk 0:03:01]} 4. Nc3
{[%clk 0:03:05]} Bb4 {[%clk 0:03:02]} 5. Qb3 {[%clk 0:03:04]} a5 {[%clk 0:02:54]}
6. Bg5 {[%clk 0:03:02]} c6 {[%clk 0:02:48]} 7. e3 {[%clk 0:03:00]} Be7
{[%clk 0:02:42]} 8. Qc2 {[%clk 0:02:59]} b6 {[%clk 0:02:41]} 9. Bd3
{[%clk 0:02:53]} Ba6 {[%clk 0:02:41]} 10. b3 {[%clk 0:02:54]} Nbd7
{[%clk 0:02:37]} 11. O-O {[%clk 0:02:53]} h6 {[%clk 0:02:38]} 12. Bh4
{[%clk 0:02:53]} O-O {[%clk 0:02:29]} 13. Rfe1 {[%clk 0:02:53]} c5
{[%clk 0:02:21]} 14. Rad1 {[%clk 0:02:49]} cxd4 {[%clk 0:02:18]} 15. Nxd4
{[%clk 0:02:38]} Rc8 {[%clk 0:02:18]} 16. cxd5 {[%clk 0:02:36]} Bxd3
{[%clk 0:02:07]} 17. Qxd3 {[%clk 0:02:35]} Ne5 {[%clk 0:01:45]} 18. Qd2
{[%clk 0:02:13]} Nxd5 {[%clk 0:01:11]} 19. Bxe7 {[%clk 0:02:01]} Nxe7
{[%clk 0:01:11]} 20. Ndb5 {[%clk 0:01:56]} Qxd2 21. Rxd2 {[%clk 0:01:57]} Rfd8
{[%clk 0:01:08]} 22. Red1 {[%clk 0:01:58]} Rxd2 {[%clk 0:01:05]} 23. Rxd2
{[%clk 0:01:59]} Nd5 {[%clk 0:01:06]} 24. Ne2 {[%clk 0:01:56]} 1/2-1/2

[Event "Blitz 2018"]
[Site "Saint-Petersburg"]
[Date "2018.12.30"]
[Round "21"]
[Board "60"]
[White "Antipov Mikhail Al. (RUS)"]
[Black "Zubritskiy Artyom (RUS)"]
[Result "0-1"]
[LiveChessVersion "1.4.8"]
[BlackElo "2513"]
[WhiteElo "2604"]

1. e4 {[%clk 0:03:03]} c5 {[%clk 0:03:04]} 2. Nf3 {[%clk 0:03:04]} d6
{[%clk 0:03:05]} 3. Bb5+ {[%clk 0:03:05]} Nd7 {[%clk 0:03:06]} 4. Ba4
{[%clk 0:03:06]} a6 {[%clk 0:02:44]} 5. c4 {[%clk 0:03:06]} Ngf6 {[%clk 0:02:04]}
6. O-O {[%clk 0:03:05]} g6 {[%clk 0:01:26]} 7. Nc3 {[%clk 0:03:03]} Bg7
{[%clk 0:01:27]} 8. Rb1 {[%clk 0:03:04]} O-O {[%clk 0:01:27]} 9. b4
{[%clk 0:03:04]} Qc7 {[%clk 0:00:54]} 10. d3 {[%clk 0:02:54]} cxb4
{[%clk 0:00:44]} 11. Rxb4 {[%clk 0:02:55]} b5 {[%clk 0:00:45]} 12. Bb3
{[%clk 0:02:27]} Bb7 {[%clk 0:00:46]} 13. Bd2 {[%clk 0:02:21]} Nc5
{[%clk 0:00:29]} 14. cxb5 {[%clk 0:01:35]} Nxd3 {[%clk 0:00:31]} 15. Rc4
{[%clk 0:01:36]} Qd8 {[%clk 0:00:29]} 16. Qe2 {[%clk 0:01:33]} Nc5
{[%clk 0:00:23]} 17. e5 {[%clk 0:01:30]} Nfd7 {[%clk 0:00:22]} 18. exd6
{[%clk 0:01:26]} exd6 {[%clk 0:00:23]} 19. Bc2 {[%clk 0:00:36]} Bxf3
{[%clk 0:00:24]} 20. Qxf3 {[%clk 0:00:25]} Ne5 {[%clk 0:00:25]} 21. Qd5
{[%clk 0:00:26]} Nxc4 {[%clk 0:00:26]} 22. Qxc4 {[%clk 0:00:27]} axb5
{[%clk 0:00:27]} 23. Nxb5 {[%clk 0:00:27]} d5 {[%clk 0:00:24]} 24. Qxc5
{[%clk 0:00:15]} Rc8 {[%clk 0:00:26]} 25. Qb4 {[%clk 0:00:08]} Rxc2
{[%clk 0:00:27]} 26. a4 {[%clk 0:00:09]} Rb2 {[%clk 0:00:27]} 27. Qf4
{[%clk 0:00:08]} Qb8 {[%clk 0:00:20]} 28. Qe3 {[%clk 0:00:06]} Qa8
{[%clk 0:00:17]} 29. Bc3 {[%clk 0:00:05]} Rb3 {[%clk 0:00:15]} 30. Qd2
{[%clk 0:00:05]} Qxa4 {[%clk 0:00:10]} 31. Bxg7 {[%clk 0:00:05]} Kxg7
{[%clk 0:00:10]} 32. Nc7 {[%clk 0:00:04]} d4 {[%clk 0:00:07]} 33. Qg5
{[%clk 0:00:03]} Qd7 {[%clk 0:00:06]} 34. Nd5 {[%clk 0:00:03]} f6
{[%clk 0:00:06]} 0-1